Marriage personalities. (Record no. 14631)

000 -LEADER
fixed length control field 00707nam a2200205 a 4500
001 - CONTROL NUMBER
control field :::00012463$&:&@@
003 - CONTROL NUMBER IDENTIFIER
control field OkBaRHE
005 - DATE AND TIME OF LATEST TRANSACTION
control field 20100402121750.0
008 - FIXED-LENGTH DATA ELEMENTS--GENERAL INFORMATION
fixed length control field s1986 j 000 0 eng u
040 ## - CATALOGING SOURCE
Transcribing agency
100 1# - MAIN ENTRY--PERSONAL NAME
Personal name Field, David, 1936-
245 10 - TITLE STATEMENT
Title Marriage personalities.
260 ## - PUBLICATION, DISTRIBUTION, ETC. (IMPRINT)
Place of publication, distribution, etc Eugene, OR., :
Name of publisher, distributor, etc Harvest House Publishers
Date of publication, distribution, etc 1986
300 ## - PHYSICAL DESCRIPTION
Extent 190 p. : illus. ;
Dimensions 22 cm.
650 ## - SUBJECT ADDED ENTRY--TOPICAL TERM
Topical term or geographic name as entry element Interpersonal Relations
650 ## - SUBJECT ADDED ENTRY--TOPICAL TERM
Topical term or geographic name as entry element Marriage
942 ## - ADDED ENTRY ELEMENTS (KOHA)
Source of classification or shelving scheme
Koha item type Books
Copies
Date last seen Permanent Location Withdrawn status Full call number Source of classification or shelving scheme Date acquired Barcode Copy number Damaged status Not for loan Shelving location Lost status Price effective from Koha item type
2010-04-14RHEMA Bible Training College HQ 734 .F426 1986 2010-04-14124631  General Stacks 2010-04-14Books
2010-04-14RHEMA Bible Training College HQ 734 .F426 1986 2010-04-14185772  General Stacks 2010-04-14Books